Regioni d'Italia Mappa Quiz - Un Minuto Sprint - Statistics

Statistiche generali
  • Questo quiz è stato fatto 211 volte
  • Il punteggio medio è 18 su 20
Risposte nella Mappa
Le risposte nella mappa del quiz sottostante sono codificate secondo una scala di colori dal rosso al verde in base alla % di persone che hanno risposto correttamente.
 
Statistiche sulle risposte
Risposta % Corretto
Sardegna
99%
Sicilia
99%
Toscana
96%
Campania
94%
Lazio
93%
Puglia
93%
Calabria
91%
Basilicata
89%
Emilia-Romagna
89%
Marche
89%
Molise
89%
Umbria
85%
Lombardia
82%
Valle d'Aosta
82%
Veneto
82%
Abruzzo
81%
Piemonte
81%
Trentino-Alto Adige
81%
Liguria
79%
Friuli-Venezia Giulia
78%
Nessun quiz corrispondente trovato
Distribuzione punteggi
Percentuale di utenti per punteggio
Percentile per numero di risposta
I tuoi punteggi nel tempo
Non hai fatto questo quiz